000 00587nam a2200193Ia 4500
005 20250508165211.0
008 008 250505s9999 xx 000 0 hin d
037 _aDissertations
040 _aFEDL
_beng
_cFEDL
041 _ahin
_2eng
084 _a323, DIL/DI
_qFEDL
100 _aDilbag
245 0 _aUchch madhyamik ster per adhyapakon se vidyarthiyon mein manavadhikaron ki samajh ka vishleshnatmak adhyayan
260 _c2012
300 _a73p.
546 _aM.Ed. Dissertation, (Delhi University)
942 _cDIS
_h323, DIL/DI
999 _c1393738
_d1393738